000
00325nam a2200133Ia 4500
008
260604s9999 xx 000 0 und d
020
_a
9781035337927
082
_a
004 BAL
100
_a
BALCERZAK
_9
35128
245
0
_a
ARTIFICIAL INTELLIGENCE AND INTERNATIONAL HUMAN RI
260
_b
EDWARD
500
_a
IT, AI
942
_c
BK
999
_c
7887
_d
7887